Custom CGI scripting with Perl / (Record no. 18736)

MARC details
000 -LEADER
fixed length control field 01237cam a22003014a 4500
005 - DATE AND TIME OF LATEST TRANSACTION
control field 20230613135439.0
008 - FIXED-LENGTH DATA ELEMENTS--GENERAL INFORMATION
fixed length control field 001005s2001 nyua 001 0 eng
010 ## - LIBRARY OF CONGRESS CONTROL NUMBER
LC control number 00050983
020 ## - INTERNATIONAL STANDARD BOOK NUMBER
ISBN 0471395978 (pbk. : alk. paper))
040 ## - CATALOGING SOURCE
Original cataloging agency DLC
Transcribing agency DLC
Modifying agency DLC
042 ## - AUTHENTICATION CODE
Authentication code pcc
082 00 - DEWEY DECIMAL CLASSIFICATION NUMBER
Classification number 005.276
Edition number 21
Item number HAN-C
100 1# - MAIN ENTRY--AUTHOR
Author Name Hanegan, Kevin.
245 10 - TITLE STATEMENT
Title Custom CGI scripting with Perl /
Statement of responsibility, etc. Kevin Hanegan.
260 ## - PUBLICATION, DISTRIBUTION, ETC.
Place of Publication New York :
Name of publisher, distributor, etc. Wiley,
Date of publication, distribution, etc. c2001.
300 ## - PHYSICAL DESCRIPTION
Pages xxvii, 276 p. :
500 ## - GENERAL NOTE
General note "Wiley Computer Publishing."
500 ## - GENERAL NOTE
General note Includes index.
650 #0 - SUBJECT ADDED ENTRY--TOPICAL TERM
Subject / Department Perl (Computer program language)
650 #0 - SUBJECT ADDED ENTRY--TOPICAL TERM
Subject / Department CGI (Computer network protocol)
650 #0 - SUBJECT ADDED ENTRY--TOPICAL TERM
Subject / Department Web sites
General subdivision Design.
300 ## - PHYSICAL DESCRIPTION
-- ill. ;
-- 24 cm.
856 42 -
-- Contributor biographical information
-- http://www.loc.gov/catdir/bios/wiley042/00050983.html
856 42 -
-- Publisher description
-- http://www.loc.gov/catdir/description/wiley035/00050983.html
856 4# -
-- Table of Contents
-- http://www.loc.gov/catdir/toc/onix06/00050983.html
906 ## - LOCAL DATA ELEMENT F, LDF (RLIN)
a 7
b cbc
c orignew
d 1
e ocip
f 20
g y-gencatlg
952 ## - LOCATION AND ITEM INFORMATION (KOHA)
-- 0
-- 0
Holdings
Lost status Damaged status Permanent Location Current Location Shelving Location Date acquired Full Call Number Accession No./Barcode Date last seen item type
    Superior Information Resource Center (SIRC) Superior University- Gold Campus Superior Information Resource Center (SIRC) Superior University- Gold Campus Programming 06/13/2023 005.276 HAN-C 2001 19316 06/13/2023 BOOK

Powered by Koha